Riadenie verejného dlhu vo vybranej krajine EÚ (OECD) a komparácia so Slovenskou republikou diplomová práca

Enregistré dans:
Détails bibliographiques
Auteur principal: Perašín, Peter
Collectivité auteur: Národohospodárska fakulta EU. Katedra financií
Autres auteurs: Hocman, František, 1983-
Format: Livre
Langue:slovaque
Publié: Bratislava 2011
Tags: Ajouter un tag
Pas de tags, Soyez le premier à ajouter un tag!

MARC

LEADER 00000nbm a2200000 4500
001 0130913
005 20161109101630.1
041 0 |a slo 
044 |a SK 
245 1 0 |a Riadenie verejného dlhu vo vybranej krajine EÚ (OECD) a komparácia so Slovenskou republikou  |b diplomová práca  |c Peter Perašín ; školiteľ: František Hocman 
264 1 |a Bratislava  |c 2011 
300 |a 66 s. 
100 1 |a Perašín, Peter 
700 1 |a Hocman, František, 1983- 
710 2 |a Národohospodárska fakulta EU. Katedra financií